| 000 | 01026nam a2200313Ia 4500 | ||
|---|---|---|---|
| 003 | OSt | ||
| 005 | 20220927105748.0 | ||
| 006 | a|||||r|||| 00| 0 | ||
| 007 | ta | ||
| 008 | 220926b |||||||| |||| 00| 0 eng d | ||
| 020 | _a9781464801600 | ||
| 024 | _a206862 | ||
| 037 | _cReference Collections | ||
| 040 |
_aRTL _cRTL _beng |
||
| 041 |
_2eng _aeng |
||
| 082 | _a"T4:3.49G, Q4/UN" | ||
| 100 |
_aDUNDAR Halil _9374827 |
||
| 110 | _aWORLD BANK | ||
| 245 | 0 |
_aStudent learning in South Asia _b" Challenges, opportunities, and policy priorities" |
|
| 260 |
_a"Wahington," _b"D.C, World Bank, " _c2014 |
||
| 300 |
_axxvi; 390p. _ccm. |
||
| 490 | _aComparative Studies of Health Systems and Medical Care; 3 | ||
| 500 | _aBibliography: P 393-414; Glossary: P 389-92 | ||
| 700 |
_a BETEILLE Tara _9374828 |
||
| 700 |
_a RIBOUD Michelle _9374829 |
||
| 700 | _aWORLD BANK | ||
| 942 |
_h"T4:3.49G, Q4/UN" _cCC |
||
| 999 |
_c694482 _d694482 |
||